000 01220nam a22002417a 4500
003 AR-RoUNCS
005 20260209125744.0
008 060510s2014 ag gr 001 p spa
015 _aAR-2014
040 _aAR-BaBN
_bspa
_cAR-RoUNCS
_eaacr
044 _aag
_car-c
080 1 _a82-312.6(821.6)
_22016
100 1 _aAguirre, Osvaldo,
_d1964-
_eautor
_4aut
245 1 4 _aComo si fuera hoy :
_bayudamemoria /
_cOsvaldo Aguirre.
260 _aRosario :
_bEl Ombú Bonsai,
_c2014.
300 _a94 p. ;
_c20 cm.
490 0 _aColección raíces aéreas.
520 3 _aDicen que no se debe regresar al lugar en donde uno ha sido feliz, son los mismos que dicen que el autor de un crimen siempre vuelve al lugar en donde lo cometió. Para los que han llegado a la ciudad ya crecidos siempre hay en la lista de pendientes un viaje de regreso: volver al pueblo es volver al encuentro de sí mismo, aunque uno ni el pueblo sean los mismos. Pero la memoria, cuando se desata, siempre tiene una historia más para contar.
561 1 _3Inventario 01251910:
_5AR-BaBN
650 7 _2embne
_aLiteratura argentina
655 7 _aNovelas autobiográficas
_2embne
942 _2udc
_cLPD
_n0
999 _c888
_d888